000 00830nam a2200217 a 4500
008 110914s2002 ||||||||||||||||| || u
020 _a0781728819
050 _aRB 113 Por
100 _aPorth, Carol Mattson
245 1 0 _aPathophysiology: concepts of altered health states. (6th ed.)
250 _a6th ed.
260 _aPhiladelphia:
_bLippincott Williams and Wilkins
_c2002
300 _axxvi, 1525p.: ill.
350 _a0.00
650 0 _aPHYSIOLOGY, PATHOLOGICAL
650 _aPHYSIOLOGY--NURSES' INSTRUCTION
650 _aDISEASE--NURSES' INSTRUCTION
650 _aNURSING--HANDBOOKS, MANUALS, ETC
650 _aPHYSIOLOGY
995 _aMEDICAL LIBRARY OPEN ACCESS
_D0.00
_e900702
_FCBU-SCHOOL OF MEDICINE LIBRARY (Ndola)
_H1
_I0.00
_jRB 113 Por
_M1
_UAVAILABLE
_WDec 6, 2011
_y900702
_ZMedical Library Open Access Collection
999 _c32316
_d32316